000 00509nam a22001697a 4500
005 20180818115234.0
010 _aA-715112
035 _aA-715112
037 _bBPPD/PUB
082 _a181.46
100 _aGupta, Harish C.
245 _aSwami Vivekananda :
_cHarish C. Gupta
_bStudies in soviet union /
260 _aCalcutta
_bThe Ramakirishna Mission Institute Of Culture
270 _aGol Park
_bCalcutta
_e700029
300 _axv, 450p.
_c24cm. (Hb)
942 _2ddc
_cEN
_h181.46
_mGUP
999 _c156004
_d156004